000 01118nab a22002417i 4500
001 768714001
003 CO-MdFUSB
005 20240514102848.0
008 240511t1970 sp ||||| |||| 00| 0 spa d
040 _bspa
_cCO-MdFUSB
_dCO-MdFUSB
041 _aspa
100 _aDubarle, André Marie,
_eautor
245 3 _aLa esperanza de una inmortalidad en el Antiguo Testamento y en el judaísmo
_c/ André-Marie Dubarle
520 _aEn las obras más recientes del Antiguo Testamento y en los escritos judíos no canónicos de las proximidades de nuestra era empieza a formularse la creencia en una inmortalidad bienaventurada y, más concretamente, en una resurrección corporal.
630 0 7 _aBiblia.
_pAntiguo Testamento
650 0 _aInmortalidad (Filosofía)
_91095
650 7 _aResurrección
_9214
650 0 _aEsperanza de vida
_91113
650 7 _aJudaísmo
_96881
773 0 _049450
_982623
_oR2549
_tRevista internacional de teología Concilium
_w(CO-MdFUSB)8
_x0210-1041
_gNúmero 60, (diciembre, 1970), páginas: 30 - 42
_qpágina: 30
942 _cANA
945 _aCatherine Arias Alvarez - Practicante SENA
999 _c69696
_d69696